Performance of TCP/IP over ATM networks
Αποθηκεύτηκε σε:
| Κύριος συγγραφέας: | |
|---|---|
| Άλλοι συγγραφείς: | |
| Μορφή: | Βιβλίο |
| Γλώσσα: | English |
| Δημοσίευση: |
Boston :
Artech House,
c2000
|
| Σειρά: | Artech House telecommunications library
|
| Θέματα: | |
| Ετικέτες: |
Προσθήκη ετικέτας
Δεν υπάρχουν, Καταχωρήστε ετικέτα πρώτοι!
|
MARC
| LEADER | 00000nam a2200000 i 4500 | ||
|---|---|---|---|
| 001 | 1/30595 | ||
| 008 | 030115s2000 eng d | ||
| 020 | |a 1-58053-037-0 | ||
| 035 | |l 10069008 | ||
| 040 | |a GR-MY-UA |b gre |e aacr | ||
| 041 | 0 | |a eng | |
| 082 | 0 | |a 004.62 | |
| 100 | 1 | |a Hassan, Mahbub. | |
| 245 | 1 | 0 | |a Performance of TCP/IP over ATM networks / |c Mahbub Hassan, Mohammed Atiquzzaman |
| 260 | |a Boston : |b Artech House, |c c2000 | ||
| 300 | |a xviii, 236 p.; |b ill.; |c 24 cm. | ||
| 490 | 1 | |a Artech House telecommunications library | |
| 504 | |a Includes bibliographical references and index | ||
| 650 | 0 | 0 | |a Asynchronous transfer mode. |
| 650 | 0 | 0 | |a Telecommunication |x Traffic. |
| 650 | 0 | 0 | |a TCP/IP (Computer network protocol) |
| 700 | 1 | |a Atiquzzaman, Mohammed. | |
| 830 | 0 | |a Artech House telecommunications library | |
| 852 | |a INST |b SAMOS |e 20030115 |h 004.62 HAS |p 005300024287 |q 005300024287 |t BK |y 0 | ||
| 901 | |a BIBL3-2003-1 | ||
| 909 | |a Σ |b 087762 | ||
| 922 | |a 3ΕΛΗ |b 200002 |c ΤΠΕΣ/ΠΟΛ |d LEADER | ||
| 970 | |a ΠΟΥΡΝΑΡΑΣ |b ΔΗΜΗΤΡΗΣ |z 2003/01/15 | ||